00585 a2200145 4500003000500000038001500005082001100020100002500031245009600056260008000152300003700232500009600269563001700365856005700382NUST aMr. Zahoor aMSIT-8 aMehtab Alam Khurshid aHL7 V3 laboratory messaging using SOA Infrastructure [Project MSIT-8]cMehtab Alam Khurshid aIslamabadbNUST School of Electrical Engineering and Computer Sciencec2011 avii,64p.b:ill.c;27cm.+eCD-ROM aSupervisors: Dr. Hafiz Farooq Ahmad, Dr. Raihan ur Rasool, Mr. Bilal Ali, Ms. Sana Khalique aHard Binding uhttp://10.250.8.41:8080/xmlui/handle/123456789/13692